Tài liệu chuyên toán Đại số 10

Sách gồm 5 chương và hai chuyên đề. Nội dung của các chương: Chương I. Mệnh đề, tập hợp, ánh xạ ; Chương II. Hàm số ; Chương III. Bất đẳng thức ; Chương IV. Phương trình, bất phương trình đại số ; Chương V. Hệ phương trình, hệ bất phưo...

Full beskrivning

Sparad:
Bibliografiska uppgifter
Huvudupphovsman: Đoàn, Quỳnh
Materialtyp: Bok
Språk:Undetermined
Publicerad: Hà Nội Giáo dục Việt Nam 2013
Ämnen:
Taggar: Lägg till en tagg
Inga taggar, Lägg till första taggen!
Thư viện lưu trữ: Trung tâm Học liệu Trường Đại học Cần Thơ
LEADER 01233nam a2200217Ia 4500
001 CTU_184768
008 210402s9999 xx 000 0 und d
020 |c 40000 
082 |a 512.00712 
082 |b Qu609 
100 |a Đoàn, Quỳnh 
245 0 |a Tài liệu chuyên toán Đại số 10 
245 0 |c Đoàn Quỳnh ...[et al.] 
260 |a Hà Nội 
260 |b Giáo dục Việt Nam 
260 |c 2013 
520 |a Sách gồm 5 chương và hai chuyên đề. Nội dung của các chương: Chương I. Mệnh đề, tập hợp, ánh xạ ; Chương II. Hàm số ; Chương III. Bất đẳng thức ; Chương IV. Phương trình, bất phương trình đại số ; Chương V. Hệ phương trình, hệ bất phương trình đại số. Chuyên đề: Chuyên đề 1. Một số bất đẳng thức cổ điển ; Chuyên đề 2. Một số vấn đề của toán tổ hợp 
650 |a Mathematics,Toán học 
650 |x Study and teaching (secondary),Học và giảng dạy (trung học) 
904 |i Tuyến 
980 |a Trung tâm Học liệu Trường Đại học Cần Thơ